| 000 | 00576nam a2200205Ia 4500 | ||
|---|---|---|---|
| 005 | 20250923144731.0 | ||
| 008 | 008 250917s9999 xx 000 0 eng d | ||
| 037 | _aTextual | ||
| 040 |
_aDSWL _beng _cDSWL |
||
| 041 |
_aeng _2eng |
||
| 084 |
_aY1:1.2.N3z7w _qDSWL |
||
| 100 |
_aSchiff, Leonard M. _9827855 |
||
| 245 | 0 |
_aPresent condition of India _cby Leonard M. Schiff |
|
| 260 |
_aLondon _bQuality Press Ltd. _c1939 |
||
| 300 | _ax,196p. | ||
| 365 |
_aINR _b25 |
||
| 925 | _g25 | ||
| 942 |
_cTEXL _hY1:1.2.N3z7w |
||
| 999 |
_c1442654 _d1442654 |
||